Мобильные роботы; Космическое приборостроение

Podrobná bibliografie
Parent link:Космическое приборостроение.— 2015.— [С. 116-119]
Hlavní autor: Мамытов Н. Г.
Korporativní autor: Национальный исследовательский Томский политехнический университет
Další autoři: Нестеренко Т. Г. Тамара Георгиевна (научный руководитель)
Shrnutí:Заглавие с титульного экрана
Jazyk:ruština
Vydáno: 2015
Edice:Электронные системы и устройства в космическом приборостроении
Témata:
On-line přístup:http://earchive.tpu.ru/handle/11683/64426
http://www.lib.tpu.ru/fulltext/c/2015/C22/030.pdf
Médium: Elektronický zdroj Kapitola
KOHA link:https://koha.lib.tpu.ru/cgi-bin/koha/opac-detail.pl?biblionumber=612143

MARC

LEADER 00000naa2a2200000 4500
001 612143
005 20260421095543.0
035 |a (RuTPU)RU\TPU\conf\10235 
035 |a RU\TPU\conf\10232 
090 |a 612143 
100 |a 20150514d2015 k y0rusy50 ca 
101 0 |a rus 
102 |a RU 
135 |a drgn ---uucaa 
181 0 |a i  
182 0 |a b 
200 1 |a Мобильные роботы  |f Н. Г. Мамытов  |g науч. рук. Т. Г. Нестеренко 
203 |a Текст  |c электронный 
225 1 |a Электронные системы и устройства в космическом приборостроении 
300 |a Заглавие с титульного экрана 
320 |a [Библиогр.: с. 119 (12 назв.)] 
337 |a Adobe Reader 
463 1 |0 (RuTPU)RU\TPU\conf\9748  |t Космическое приборостроение  |o сборник научных трудов III Всероссийского форума школьников, студентов, аспирантов и молодых ученых с международным участием, г. Томск, 8-10 апреля 2015 г.  |f Национальный исследовательский Томский политехнический университет (ТПУ)  |v [С. 116-119]  |d 2015 
610 1 |a труды учёных ТПУ 
610 1 |a электронный ресурс 
610 1 |a роботы 
610 1 |a робототехника 
700 1 |a Мамытов  |b Н. Г. 
702 1 |a Нестеренко  |b Т. Г.  |c специалист в области машиностроения  |c доцент Томского политехнического университета, кандидат технических наук  |f 1946-  |g Тамара Георгиевна  |4 727 
712 0 2 |a Национальный исследовательский Томский политехнический университет  |c (2009- )  |9 26305 
801 2 |a RU  |b 63413507  |c 20210212  |g RCR 
856 4 |u http://earchive.tpu.ru/handle/11683/64426 
856 4 |u http://www.lib.tpu.ru/fulltext/c/2015/C22/030.pdf 
942 |c BK